000 00602 a2200205 4500
003 IN-BaIIA
005 20240930102929.0
008 240921b |||||||| |||| 00| 0 eng d
020 _a978-3-030-46857-6
040 _cIIA Library
080 _a92:52
_bOST
100 _aOsterhage, Wolfgang
_949165
245 _aJohannes Kepler
_bthe order of things
_cby Wolfgang Osterhage
260 _aSwitzerland
_bSpringer Nature
_c2020
300 _aix, 132p.
490 _aSpringer Biographies
650 _aJohannes kepler-Biography
_927541
650 _aBiography- Johannes kepler
_97447
942 _2udc
_cBK
999 _c36065
_d36065